The gentle falcon / (Record no. 6569)
[ view plain ]
| 000 -LEADER | |
|---|---|
| fixed length control field | 00625nam a22002292a 4500 |
| 001 - CONTROL NUMBER | |
| JCCL Control Number | 6569 |
| 003 - CONTROL NUMBER IDENTIFIER | |
| JCCL marc code | BD-JhCC |
| 005 - DATE AND TIME OF LATEST TRANSACTION | |
| control field | 20180125184252.0 |
| 008 - FIXED-LENGTH DATA ELEMENTS--GENERAL INFORMATION | |
| fixed length control field | 860101s1966 enka 000 1 eng d |
| 035 ## - SYSTEM CONTROL NUMBER | |
| system control number | (BD-JhCC)6569 |
| 040 ## - CATALOGING SOURCE | |
| Original cataloging agency | EYP |
| Transcribing agency | EYP |
| Modifying agency | UKM |
| -- | EQO |
| -- | BD-JhCC |
| 041 ## - LANGUAGE CODE | |
| Language code of Book | eng |
| 082 ## - DEWEY DECIMAL CLASSIFICATION NUMBER | |
| Classification number | 823.91 |
| DDC Edition number | 18 |
| Author mark and Year | LEW 1966 |
| 100 1# - MAIN ENTRY--PERSONAL NAME | |
| Personal name | Lewis, Hilda, |
| Dates associated with a name | 1896-1974. |
| 245 04 - TITLE STATEMENT | |
| Title | The gentle falcon / |
| Statement of responsibility, etc | Hilda Lewis, illus. by Evelyn Gibbs |
| 260 ## - PUBLICATION, DISTRIBUTION, ETC. (IMPRINT) | |
| Place of publication, distribution, etc | Oxford University Press : |
| Name of publisher, distributor, etc | London, |
| Date of publication, distribution, etc | 1952 |
| 300 ## - PHYSICAL DESCRIPTION | |
| Pagination | 249 p. : |
| Other physical details | ill. ; |
| Dimensions | 20 cm. |
| 650 ## - SUBJECT ADDED ENTRY--TOPICAL TERM | |
| Topical term or geographic name as entry element | English Fiction |
| 700 ## - ADDED ENTRY--PERSONAL NAME | |
| Personal name | Gibbs, Evelyn |
| 942 ## - ADDED ENTRY ELEMENTS (KOHA) | |
| Source of classification or shelving scheme | Dewey Decimal Classification |
| Koha item type | Books |
| Source of classification or shelving scheme | Damaged status | Not for loan | Home library | Current library | Shelving location | Date of accession | Total Checkouts | Full call number | Barcode | Date last seen | Copy number | Koha item type |
|---|---|---|---|---|---|---|---|---|---|---|---|---|
| Dewey Decimal Classification | JCC Rouf Library | JCC Rouf Library | General Stacks | 01/25/2018 | 823.91 LEW 1966 | 8837 | 01/25/2018 | C-1 | Books |